1994 1460 1599 1679 1584 1096 1214 1242 1631 1529 1017 1232 1102 1954 1636 1559 1681 1538 1723 1484 1146 1524 1687 1856 1421 1760 1121 1225 1412 1143 1678 1679 1721 1639 1434 1751 1704 1940 1040 1709 1179 1899 1460 1525 1302 1922 1370 1339 1818 1535 1100 1832 1560 1194 1566 1060 1371 1046 1082 1705 1239 1364 1226 1700 1681 1295 1520 1585 1899 1679 1683 1210 1699 1887 1829 1164 1217 1677 1232 1488 1612 1694 1911 1211 1059 1273 1630 1797 1741 1108 1273 1637 1802 1934 1690 1948 1205 1433 1921 BCNSPRNW ULIB Ver.6.0+V

เปลี่ยนเป็นภาษาไทย

Change to English
 แสดงรายละเอียดบรรณานุกรม
  กลับหน้าหลัก

Brief Record : Get Marc (ISO 2709) : E-mail record : QR code < ปิดหน้าต่าง
LEADER : 00000nam 2200000uu 4500
001    13399121170
003     ULIB
008    121107s2551||||th 000 0 tha d
020    ^a9744510102 :^c150 บาท
050  4 ^aLB1051^bส858จ
100 0   ^aวรรณี ลิมอักษร
245 1  ^aจิตวิทยาการศึกษา =^bEducational psychology /^cวรรณี ลิมอักษร.
250    ^aพิมพ์ครั้งที่ 4 ฉบับปรับปรุง
260    ^aสงขลา :^bภาควิชาจิตวิทยาและการแนะแนว คณะศึกษาศาสตร์ มหาวิทยาลัยทักษิณ, 2551.
300    ^a155 หน้า :^bภาพประกอบ.
650    ^aจิตวิทยาการศึกษา.
710 2   ^aมหาวิทยาลัยทักษิณ.^bคณะศึกษาศาสตร์.^bภาควิชาจิตวิทยาและการแนะแนว.
913    ^aImported by ULIBM Administrator
945    ^p150^l0^i15184
949    ^aImport form external file by ULIBM system
999    ^aวิภา
รายการนี้ยังไม่มีแท็ก
คุณยังไม่ได้ล็อกอิน คุณสามารถมีกิจกรรมร่วมกับเว็บไซต์ได้ แต่ต้องล็อกอินก่อน ::
  ล็อกอิน

รายการสื่อสารสนเทศ

ลำดับที่ ประเภท เลขเรียก/บาร์โค้ด สถานที่ สถานะ
1. วิทยาศาสตร์การแพทย์ และสุขภาพ
วิทยาศาสตร์การแพทย์ และสุขภาพ
LB1051 ส858จ  
  Barcode: 15184
ห้องสมุดวิทยาเขตสวรรค์ประชารักษ์
►หนังสือทั่วไป
บนชั้น

รายการใกล้เคียง
    ผู้แต่ง [วรรณี ลิมอักษร]

    หัวเรื่อง [จิตวิทยาการศึกษา.]

BibComment


ยังไม่เคยถูกคอมเมนท์

คอมเมนท์ทรัพยากรรายการนี้
  คอมเมนท์: จิตวิทยาการศึกษา..


 Copyright 2026. Bcnsprnw @Library